000
00266nam a2200109Ia 4500
008
231107s1981 xx 000 0 und d
041
_a
eng
082
_a
684.08
100
_a
Adams,J.T.
245
_a
Arco''s Complete Wood Work H/B.
260
_a
New York
_b
Acro
_c
1981
999
_c
921791
_d
921791